[Event "ESP-chT Regional U16"]
[Site "Gijon"]
[Date "2021.06.17"]
[Round "1.3"]
[White "Zhou, Lulu"]
[Black "Ruiz Pardo, Claudia"]
[Result "1-0"]
[WhiteElo "2077"]
[BlackElo "1730"]
[PlyCount "45"]
[EventDate "2021.06.17"]
[EventType "team-swiss"]
[EventRounds "6"]
[EventCountry "ESP"]
[SourceTitle "EXT 2022"]
[Source "ChessBase"]
[SourceDate "2021.10.06"]
[SourceVersion "1"]
[SourceVersionDate "2021.10.06"]
[SourceQuality "1"]
[WhiteTeam "Madrid U16"]
[BlackTeam "Murcia U16"]
[WhiteTeamCountry "ESP"]
[BlackTeamCountry "ESP"]

1. e4 c5 2. Nf3 g6 3. d4 cxd4 4. Nxd4 Bg7 5. c4 Nc6 6. Be3 Nf6 7. Nc3 Ng4 8. Qxg4 Nxd4 9. Qd1 Ne6 10. Be2 Qa5 11. Rc1 b6 12. 0-0 Bb7 13. f3 g5 14. Qd2 Qe5 15. Rfd1 d6 16. b4 Rc8 17. Nb5 a6 18. Nc3 b5 19. Nd5 bxc4 20. Bxc4 g4 21. Nb6 Rb8 22. Qc2 gxf3 23. Qa4+ 1-0

[Event "ESP-ch U14"]
[Site "Salobrena"]
[Date "2020.08.05"]
[Round "4"]
[White "Ruiz Pardo, Claudia"]
[Black "Diaz Mino, Daniel"]
[Result "0-1"]
[WhiteElo "1836"]
[BlackElo "2089"]
[PlyCount "112"]
[EventDate "2020.08.03"]
[EventType "swiss"]
[EventRounds "9"]
[EventCountry "ESP"]
[SourceTitle "EXT 2021"]
[Source "ChessBase"]
[SourceDate "2020.10.23"]
[SourceVersion "1"]
[SourceVersionDate "2020.10.23"]
[SourceQuality "1"]

1. e4 e5 2. Nf3 Nc6 3. d4 exd4 4. Nxd4 Bc5 5. Nb3 Bb6 6. Nc3 Nf6 7. Qe2 d6 8. Be3 Be6 9. 0-0-0 Qe7 10. f3 0-0-0 11. Kb1 Rhe8 12. Bxb6 axb6 13. Nd4 Nxd4 14. Rxd4 d5 15. exd5 Bxd5 16. Qd1 Qc5 17. Rd2 Bc6 18. Rxd8+ Rxd8 19. Bd3 Re8 20. Re1 g6 21. Rxe8+ Bxe8 22. Qe1 Qd6 23. Ne4 Nxe4 24. Qxe4 Bc6 25. Qh4 Qe6 26. b3 h5 27. Bc4 Bd5 28. Bxd5 Qxd5 29. Qa4 c6 30. Qb4 b5 31. Qe7 Kb8 32. Qf6 Ka7 33. Qe7 Qd1+ 34. Kb2 Qd4+ 35. Kb1 Qg1+ 36. Kb2 Qxh2 37. Qxf7 Qxg2 38. Qf6 Qg3 39. Qd8 Qe5+ 40. Kb1 Qe1+ 41. Kb2 h4 42. Qd4+ Ka6 43. Qd8 h3 44. a3 Qe5+ 45. Ka2 Qc3 46. Qa8+ Kb6 47. Qd8+ Ka7 48. b4 Qxc2+ 49. Ka1 Qc1+ 50. Ka2 Qc2+ 51. Ka1 Qa4 52. Kb2 c5 53. bxc5 Qa6 54. Qh4 Qe6 55. Qf2 Qe5+ 56. Kb3 Qd5+ 0-1

[Event "ESP-chT Regional U14"]
[Site "Padron"]
[Date "2017.06.25"]
[Round "6.4"]
[White "Ruiz Pardo, Claudia"]
[Black "Povill Claros, Laura"]
[Result "0-1"]
[WhiteElo "1588"]
[BlackElo "1788"]
[PlyCount "120"]
[EventDate "2017.06.22"]
[EventType "team"]
[EventRounds "6"]
[EventCountry "ESP"]
[SourceTitle "EXT 2018"]
[Source "ChessBase"]
[SourceDate "2017.10.13"]
[SourceVersion "1"]
[SourceVersionDate "2017.10.13"]
[SourceQuality "1"]
[WhiteTeam "Murcia U14"]
[BlackTeam "Catalunya (U14)"]
[WhiteTeamCountry "ESP"]
[BlackTeamCountry "ESP"]

1. e4 c5 2. Nf3 Nc6 3. c4 g6 4. d4 cxd4 5. Nxd4 Bg7 6. Be3 Nf6 7. Nc3 0-0 8. Be2 d6 9. 0-0 Bd7 10. f3 Nxd4 11. Bxd4 Bc6 12. Qd2 Nd7 13. Bxg7 Kxg7 14. Kh1 a5 15. b3 Nc5 16. Qe3 e5 17. Rad1 Qe7 18. Qd2 Rfd8 19. Qb2 Ne6 20. Rde1 Nd4 21. f4 f6 22. Bd3 Rf8 23. Qf2 Rae8 24. Qg3 exf4 25. Qxf4 Qe5 26. Qxe5 Rxe5 27. Nd5 Bxd5 28. exd5 Rfe8 29. Rxe5 Rxe5 30. Kg1 Re3 31. Bb1 Re2 32. Rd1 Nc2 33. Kf1 Rxg2 34. Kxg2 Ne3+ 35. Kf3 Nxd1 36. Bc2 Nc3 37. a3 b5 38. h4 Kh6 39. Be4 bxc4 40. bxc4 Na4 41. Kg3 Nc5 42. Bc2 Kg7 43. Kg4 h6 44. h5 f5+ 45. Kf4 gxh5 46. Kxf5 h4 47. Kg4 Kf6 48. Kxh4 Ke5 49. Kh5 Kd4 50. Bg6 Kxc4 51. Bf7 Kb3 52. Kxh6 Kxa3 53. Be8 Kb4 54. Bc6 a4 55. Bxa4 Nxa4 56. Kg5 Kc5 57. Kf4 Kxd5 58. Ke3 Kc4 59. Ke4 d5+ 60. Ke3 Kc3 0-1

[Event "ESP-ch U10"]
[Site "Granada"]
[Date "2016.07.01"]
[Round "7"]
[White "Fuertes Cirauqui, Pablo"]
[Black "Ruiz Pardo, Claudia"]
[Result "0-1"]
[WhiteElo "1295"]
[BlackElo "1429"]
[PlyCount "76"]
[EventDate "2016.06.27"]
[EventType "swiss"]
[EventRounds "9"]
[EventCountry "ESP"]
[SourceTitle "EXT 2024"]
[Source "ChessBase"]
[SourceDate "2023.10.10"]
[SourceVersion "1"]
[SourceVersionDate "2023.10.10"]
[SourceQuality "1"]

1. e4 c5 2. Nf3 e6 3. c3 d5 4. exd5 Qxd5 5. d4 Nc6 6. Bb5 a6 7. Qa4 Bd7 8. 0-0 Nf6 9. Bf4 Be7 10. Ng5 h6 11. Nf3 0-0 12. Bxc6 Bxc6 13. Qb3 c4 14. Qc2 g5 15. Qd2 gxf4 16. Qxf4 Kh7 17. Nbd2 Rg8 18. Rfe1 Rg4 19. Qe3 Rag8 20. g3 Ne4 21. Kf1 Nxd2+ 22. Nxd2 Bg5 23. Qe5 Qxe5 24. Rxe5 Bxd2 25. f4 Bxf4 26. Re2 Bxg3 27. hxg3 Rxg3 28. Kf2 Rf3+ 29. Ke1 Rg1+ 30. Kd2 Rxa1 31. b3 Rxa2+ 32. Ke1 Rxe2+ 33. Kxe2 cxb3 34. Kd2 b2 35. Kc2 Rf2+ 36. Kb1 Be4+ 37. Ka2 b1Q+ 38. Ka3 Ra2# 0-1

[Event "ESP-ch U10"]
[Site "Granada"]
[Date "2016.06.30"]
[Round "6"]
[White "Ruiz Pardo, Claudia"]
[Black "Serrano Almendros, Angel"]
[Result "1/2-1/2"]
[WhiteElo "1429"]
[BlackElo "1223"]
[PlyCount "60"]
[EventDate "2016.06.27"]
[EventType "swiss"]
[EventRounds "9"]
[EventCountry "ESP"]
[SourceTitle "EXT 2024"]
[Source "ChessBase"]
[SourceDate "2023.10.10"]
[SourceVersion "1"]
[SourceVersionDate "2023.10.10"]
[SourceQuality "1"]

1. e4 e5 2. Nf3 Nc6 3. d4 exd4 4. Nxd4 Bc5 5. Nb3 Bb6 6. Nc3 a6 7. Qe2 d6 8. Be3 Bxe3 9. Qxe3 Nf6 10. 0-0-0 Qe7 11. f3 0-0 12. g4 Qe6 13. h4 Ne5 14. g5 Nh5 15. Bh3 Nc4 16. Qf2 Qe5 17. Kb1 a5 18. Bxc8 Raxc8 19. Rd5 Qg3 20. Qxg3 Nxg3 21. Rg1 Nh5 22. Rd4 Ne5 23. Nd2 f5 24. gxf6 Nxf6 25. Rf1 Nh5 26. Nd5 Nc6 27. Rd3 Nf4 28. Nxf4 Rxf4 29. h5 Rh4 30. Rd5 Nb8 1/2-1/2